000 00529nam a2200181Ia 4500
005 20250508152127.0
008 008 250505s9999 xx 000 0 eng d
037 _aTextual
040 _aFEDL
_beng
_cFEDL
041 _aeng
_2eng
084 _a792.095, BOW
_qFEDL
100 _aBowers Faubion
245 0 _aTheatre in the east: A survey of asian dance and drama
260 _aLondon, UK
_bThomas Nelson and Sons Ltd.
_c1956
300 _ax,374p.
942 _cTEXL
_h792.095, BOW
999 _c1334437
_d1334437